Figures géométriques par image - Statistiques

Statistiques générales
  • Ce quiz a été pris 44 fois
  • Le résultat moyen est 14 sur 24
Statistiques - réponses
Par images Réponse % Correct
Angle droit
100%
Rayon
95%
Diamètre
93%
Angle aigu
88%
Angle plat
86%
Carré
86%
Rectangle
86%
Diagonale
76%
Droite
76%
Triangle rectangle
76%
Angle obtus
74%
Demi-droite
69%
Hauteur
55%
Tangente
50%
Arc de cercle
43%
Bissectrice
43%
Médiane
43%
Heptagone régulier
40%
Médiatrice
38%
Corde
33%
Cercle inscrit
26%
Cercle circonscrit
17%
Orthocentre
10%
Secteur circulaire
2%
Aucun quiz correspondant
Distribution des résultats
% des personnes avec chaque résultat
Percentile par nombre de réponses
Votre historique - résultats
Vous n’avez pas pris ce quiz